Tagok, részvényesek felelőssége és a hitelezővédelem

Elmentve itt :
Bibliográfiai részletek
Szerző: Maklári Szabolcs
További közreműködők: Farkas Kornélia (Témavezető)
Dokumentumtípus: Szakdolgozat
Megjelent: 2002
Tárgyszavak:
Online Access:http://diploma.bibl.u-szeged.hu/27240
LEADER 00579nta a2200157 i 4500
001 dipl27240
005 20130314084733.0
008 111029s2002 hu om 0|| zxx d
040 |a SZTE Diploma Repozitórium  |b hun 
041 |a zxx 
100 1 |a Maklári Szabolcs 
245 1 0 |a Tagok, részvényesek felelőssége és a hitelezővédelem  |h [elektronikus dokumentum] /  |c Szabolcs Maklári 
260 |c 2002 
650 4 |a Jogi és igazgatási tanulmányok 
700 1 |a Farkas Kornélia  |e ths 
856 4 0 |u http://diploma.bibl.u-szeged.hu/id/eprint/27240/1/2002_maklari_szabolcs.pdf  |z Dokumentum-elérés